[Event "Maastricht Limburg op-A 5th"]
[Site "Maastricht"]
[Date "2011.06.13"]
[Round "3"]
[White "Goudriaan, Etienne"]
[Black "Magnussen, Helge"]
[Result "1-0"]
[WhiteElo "2307"]
[BlackElo "2131"]
[PlyCount "77"]
[EventDate "2011.06.10"]
[EventType "swiss"]
[EventRounds "7"]
[EventCountry "NED"]
[SourceTitle "CBM 142 Extra"]
[Source "ChessBase"]
[SourceDate "2011.06.27"]
[SourceVersion "1"]
[SourceVersionDate "2011.06.27"]
[SourceQuality "1"]

1. d4 d5 2. c4 e6 3. Nc3 c6 4. e3 Nf6 5. Nf3 Nbd7 6. Qc2 Bd6 7. g4 Nxg4 8. Rg1 Qf6 9. Rxg4 Qxf3 10. Rxg7 Nf8 11. Rg1 Bxh2 12. Be2 Qf6 13. Rg2 Bd6 14. Bd2 Ng6 15. 0-0-0 Nh4 16. Rgg1 Nf3 17. Rh1 Nxd2 18. Rxd2 Bd7 19. f4 h6 20. Kb1 Qe7 21. Bf3 Bb4 22. Rdh2 Qf6 23. Nd1 0-0-0 24. Qa4 a5 25. c5 Qg6+ 26. Kc1 b5 27. Qb3 e5 28. fxe5 Qg3 29. Rf2 Bg4 30. Bxg4+ Qxg4 31. a3 Qe4 32. Rhf1 Bxc5 33. dxc5 Qxe5 34. Rxf7 d4 35. exd4 Rxd4 36. Rf8+ Rd8 37. R8f5 Qe2 38. Rf6 Qe4 39. Qe6+ 1-0

[Event "Maastricht Limburg op-A 5th"]
[Site "Maastricht"]
[Date "2011.06.13"]
[Round "7"]
[White "Heinichen, Nils"]
[Black "Magnussen, Helge"]
[Result "0-1"]
[WhiteElo "2058"]
[BlackElo "2131"]
[PlyCount "118"]
[EventDate "2011.06.10"]
[EventType "swiss"]
[EventRounds "7"]
[EventCountry "NED"]
[SourceTitle "CBM 142 Extra"]
[Source "ChessBase"]
[SourceDate "2011.06.27"]
[SourceVersion "1"]
[SourceVersionDate "2011.06.27"]
[SourceQuality "1"]

1. d4 d5 2. c4 e6 3. Nc3 Nf6 4. Nf3 c6 5. e3 Nbd7 6. Bd3 dxc4 7. Bxc4 b5 8. Bd3 Bb7 9. 0-0 b4 10. Na4 c5 11. Nxc5 Bxc5 12. dxc5 Nxc5 13. Bb5+ Ke7 14. Qe2 Qb6 15. Bc4 Rhd8 16. b3 Nfe4 17. Bb2 Nd6 18. Nd2 Rd7 19. Rfd1 Rad8 20. a4 Qc6 21. f3 f6 22. Bb5 Nxb5 23. axb5 Qd5 24. Bd4 e5 25. Bxc5+ Qxc5 26. Nc4 Rxd1+ 27. Rxd1 Rxd1+ 28. Qxd1 Bd5 29. Qd3 Qxb5 30. Qxh7 Bxc4 31. bxc4 Qxc4 32. Qxg7+ Qf7 33. Qg4 a5 34. h4 b3 35. Qa4 Qd5 36. h5 Kf7 37. Qa3 Qd3 38. Kh2 Qxe3 39. Qxa5 Qf4+ 40. Kh3 Qf5+ 41. Kg3 Qg5+ 42. Kf2 Qh4+ 43. Kg1 Qd4+ 44. Kh2 b2 45. Qc7+ Ke6 46. Qc6+ Kf5 47. Qc2+ e4 48. fxe4+ Kg5 49. g3 Kxh5 50. Qe2+ Kg5 51. Qc2 Qb4 52. Qf2 b1Q 53. Qf5+ Kh6 54. Qxf6+ Kh7 55. Qf7+ Kh8 56. Qf6+ Kg8 57. e5 Qh7+ 58. Kg2 Qd2+ 59. Kf3 Qhd3+ 0-1

[Event "Maastricht Limburg op-A 5th"]
[Site "Maastricht"]
[Date "2011.06.13"]
[Round "2"]
[White "Magnussen, Helge"]
[Black "Rietveld, Leo"]
[Result "1-0"]
[WhiteElo "2131"]
[BlackElo "2055"]
[PlyCount "81"]
[EventDate "2011.06.10"]
[EventType "swiss"]
[EventRounds "7"]
[EventCountry "NED"]
[SourceTitle "CBM 142 Extra"]
[Source "ChessBase"]
[SourceDate "2011.06.27"]
[SourceVersion "1"]
[SourceVersionDate "2011.06.27"]
[SourceQuality "1"]

1. d4 d5 2. c4 e6 3. Nc3 c5 4. cxd5 cxd4 5. Qxd4 Nc6 6. Qd1 exd5 7. Qxd5 Bd7 8. e3 Nf6 9. Qd1 Bc5 10. Nf3 Qe7 11. Be2 0-0-0 12. Bd2 Kb8 13. a3 Bf5 14. Qa4 Bd7 15. Qc2 Rc8 16. b4 Bb6 17. Qb2 Ka8 18. 0-0 Rhg8 19. Na4 Bc7 20. b5 Nd8 21. Rfd1 Ne4 22. Bb4 Qe8 23. Nc3 f5 24. Nd5 Bxb5 25. Bxb5 Qxb5 26. Ne7 Ne6 27. Nxc8 Rxc8 28. a4 Qe8 29. Rac1 g5 30. Nd4 Be5 31. Rxc8+ Qxc8 32. Qb3 Bxd4 33. exd4 Nf4 34. f3 Nf6 35. Re1 N6d5 36. g3 Nh3+ 37. Kg2 Nxb4 38. Qxb4 g4 39. Qd2 gxf3+ 40. Kxh3 f4+ 41. g4 1-0

[Event "Maastricht Limburg op-A 5th"]
[Site "Maastricht"]
[Date "2011.06.12"]
[Round "4"]
[White "Magnussen, Helge"]
[Black "Van Dijk, Harold"]
[Result "1-0"]
[WhiteElo "2131"]
[BlackElo "2329"]
[PlyCount "137"]
[EventDate "2011.06.10"]
[EventType "swiss"]
[EventRounds "7"]
[EventCountry "NED"]
[SourceTitle "CBM 142 Extra"]
[Source "ChessBase"]
[SourceDate "2011.06.27"]
[SourceVersion "1"]
[SourceVersionDate "2011.06.27"]
[SourceQuality "1"]

1. d4 Nf6 2. c4 g6 3. g3 Bg7 4. Bg2 0-0 5. Nf3 d6 6. 0-0 c6 7. Nc3 Qa5 8. Re1 Be6 9. Qd3 d5 10. cxd5 cxd5 11. Bf4 Nc6 12. a3 Bf5 13. Qe3 Rac8 14. h3 Qb6 15. b4 Nxd4 16. Nxd4 Rxc3 17. Qxc3 Ne4 18. Qb3 Bxd4 19. Be3 Bxe3 20. Qxe3 d4 21. Qf4 Nc3 22. g4 Be6 23. Rac1 Rd8 24. Qd2 Nb5 25. Qd3 Qa6 26. Rc5 Nxa3 27. Qxa6 bxa6 28. Ra1 d3 29. exd3 Rxd3 30. Kh2 Kg7 31. Be4 Rd4 32. Rxa3 Rxe4 33. Rxa6 Rxb4 34. Rxa7 h5 35. gxh5 Rh4 36. hxg6 Rxh3+ 37. Kg2 Kxg6 38. Rxe7 Ra3 39. Re8 Kf6 40. Rb8 Rd3 41. Rb4 Bd5+ 42. Kh2 Be6 43. Rf4+ Ke7 44. Re5 Kd6 45. Re3 Rd1 46. Ra4 Ke7 47. f4 Kf6 48. Kg3 Rg1+ 49. Kf2 Rd1 50. Ra5 Rd2+ 51. Kg3 Bd5 52. Re5 Be6 53. Reb5 Rd3+ 54. Kf2 Bg4 55. Ra6+ Ke7 56. Re5+ Kd8 57. Ra8+ Kd7 58. Ra7+ Kd6 59. Rxf7 Bd1 60. Re3 Rd5 61. Rfe7 Bg4 62. Kg3 Bd7 63. R7e5 Rd1 64. f5 Rd4 65. Ra5 Rd1 66. Ra6+ Kc7 67. f6 Rf1 68. Ra7+ Kc6 69. Rc3+ 1-0

[Event "Berlin Lichtenberger op 9th"]
[Site "Berlin"]
[Date "2010.08.07"]
[Round "1"]
[White "Kohlmeyer, Dagobert"]
[Black "Magnussen, Helge"]
[Result "0-1"]
[WhiteElo "1888"]
[BlackElo "2119"]
[PlyCount "96"]
[EventDate "2010.08.07"]
[EventType "swiss"]
[EventRounds "9"]
[EventCountry "GER"]
[SourceTitle "CBM 137 Extra"]
[Source "ChessBase"]
[SourceDate "2010.09.01"]
[SourceVersion "1"]
[SourceVersionDate "2010.09.01"]
[SourceQuality "1"]

1. e4 e6 2. d4 d5 3. Nc3 Bb4 4. e5 c5 5. a3 Bxc3+ 6. bxc3 Ne7 7. Nf3 Qc7 8. a4 Bd7 9. a5 Nbc6 10. a6 b6 11. Bb5 Nxe5 12. Bxd7+ Nxd7 13. 0-0 Rc8 14. Re1 cxd4 15. Nxd4 Nc5 16. Qg4 Ng6 17. f4 0-0 18. f5 exf5 19. Nxf5 Rfe8 20. Ba3 f6 21. h4 Ne4 22. h5 Ne5 23. Qf4 Qxc3 24. Ne7+ Rxe7 25. Bxe7 Rc4 26. Qe3 Kf7 27. Qxc3 Rxc3 28. Bd8 Nd7 29. Red1 Ke6 30. Rdb1 Rc8 31. Bxb6 Nxb6 32. g4 Ke5 33. h6 gxh6 34. Rf1 Rg8 35. Rf5+ Ke6 36. Rh5 Rxg4+ 37. Kh2 Rf4 38. Rg1 Ng5 39. Re1+ Kf5 40. Rg1 Kg6 41. Rh3 Kf5 42. Rh5 Nc4 43. Rb1 Kg6 44. Rxg5+ hxg5 45. Rb7 Rf2+ 46. Kg1 Rxc2 47. Rxa7 Ra2 48. Ra8 Nb6 0-1

[Event "GER-ch U25"]
[Site "Oberhof"]
[Date "2010.05.27"]
[Round "7"]
[White "Isakson, Alex"]
[Black "Magnussen, Helge"]
[Result "0-1"]
[WhiteElo "1926"]
[BlackElo "2063"]
[PlyCount "90"]
[EventDate "2010.05.22"]
[EventType "swiss"]
[EventRounds "9"]
[EventCountry "GER"]
[SourceTitle "CBM 136 Extra"]
[Source "ChessBase"]
[SourceDate "2010.07.02"]
[SourceVersion "2"]
[SourceVersionDate "2010.07.15"]
[SourceQuality "1"]

1. e4 e6 2. d4 d5 3. exd5 exd5 4. Bd3 Bd6 5. Qf3 Nc6 6. c3 Nge7 7. Bf4 Be6 8. Ne2 Ng6 9. Bxd6 Qxd6 10. Nd2 Nce7 11. Qg3 Qd7 12. Nb3 b6 13. Nd2 Nf5 14. Bxf5 Bxf5 15. Nf3 0-0-0 16. 0-0 h5 17. h4 Bg4 18. Nf4 Nxf4 19. Qxf4 f6 20. Qg3 g5 21. hxg5 h4 22. Nxh4 Be6 23. g6 Rh5 24. Qf4 Qg7 25. Rfe1 Bd7 26. Re3 Rdh8 27. g3 Rg5 28. Rae1 Qh6 29. Kf1 Bb5+ 30. R1e2 Kb8 31. Re7 Rc8 32. Qxf6 Qh5 33. Qe6 Rg4 34. Ke1 Bxe2 35. Qxe2 Qg5 36. Qe3 Qf6 37. Kd2 Kb7 38. f4 Rxg3 39. Rxc7+ Rxc7 40. Qxg3 Re7 41. f5 Re8 42. Qf4 Re4 43. Qg3 Qe7 44. Nf3 Re2+ 45. Kc1 Qe3+ 0-1

[Event "GER-ch U25"]
[Site "Oberhof"]
[Date "2010.05.25"]
[Round "5"]
[White "Weber, Max"]
[Black "Magnussen, Helge"]
[Result "1/2-1/2"]
[WhiteElo "1888"]
[BlackElo "2063"]
[PlyCount "26"]
[EventDate "2010.05.22"]
[EventType "swiss"]
[EventRounds "9"]
[EventCountry "GER"]
[SourceTitle "CBM 136 Extra"]
[Source "ChessBase"]
[SourceDate "2010.07.02"]
[SourceVersion "2"]
[SourceVersionDate "2010.07.15"]
[SourceQuality "1"]

1. d4 Nf6 2. c4 e6 3. g3 d5 4. Nf3 Be7 5. Bg2 0-0 6. 0-0 Nbd7 7. Qc2 c5 8. cxd5 exd5 9. Rd1 b6 10. Nc3 Bb7 11. Bf4 Rc8 12. Rac1 Nh5 13. Be3 c4 1/2-1/2

[Event "Bargteheide op"]
[Site "Bargteheide"]
[Date "2010.05.14"]
[Round "3"]
[White "Schmid, Thomas"]
[Black "Magnussen, Helge"]
[Result "1-0"]
[WhiteElo "2258"]
[BlackElo "2063"]
[PlyCount "133"]
[EventDate "2010.05.13"]
[EventType "swiss"]
[EventRounds "7"]
[EventCountry "GER"]
[SourceTitle "CBM 136 Extra"]
[Source "ChessBase"]
[SourceDate "2010.07.02"]
[SourceVersion "2"]
[SourceVersionDate "2010.07.15"]
[SourceQuality "1"]

1. Nc3 d5 2. e4 e6 3. d4 Bb4 4. a3 Bxc3+ 5. bxc3 dxe4 6. f3 c5 7. Qd2 Nc6 8. Bb2 exf3 9. Nxf3 Nf6 10. 0-0-0 Bd7 11. Bd3 Qc7 12. Kb1 h6 13. Rhe1 0-0-0 14. Ne5 Nxe5 15. dxe5 Nd5 16. c4 Ne7 17. Qf2 Rhf8 18. Qg3 g5 19. Qh3 Rh8 20. Rf1 Rdf8 21. g4 Nc6 22. Rde1 Qa5 23. Re2 Nd4 24. Ref2 Ba4 25. Rxf7 Rxf7 26. Rxf7 Qe1+ 27. Ka2 Qxe5 28. Qg2 Bc6 29. Qf2 Qd6 30. Qf6 Re8 31. Qxh6 Nf3 32. Qf6 Qxh2 33. Re7 Rd8 34. Qxe6+ Kb8 35. Qf6 Qf4 36. Re3 Qxf6 37. Bxf6 Rf8 38. Be7 Re8 39. Bg6 Rg8 40. Bf7 Rg7 41. Bd6+ Kc8 42. Be6+ Bd7 43. Bxd7+ Rxd7 44. Bxc5 Nh2 45. Re5 b6 46. Bb4 Nxg4 47. Rxg5 Nf6 48. c5 a5 49. Be1 Ne4 50. Rg8+ Kb7 51. cxb6 Kxb6 52. Rg6+ Kb5 53. Re6 Nc5 54. Re5 Kc4 55. Bxa5 Rd1 56. Bb4 Na4 57. Re4+ Kb5 58. c4+ Kc6 59. Re6+ Kc7 60. Kb3 Rc1 61. Kxa4 Rxc4 62. Kb5 Rg4 63. Re7+ Kb8 64. Kc6 Ka8 65. Re8+ Ka7 66. Bc5+ Ka6 67. Ra8# 1-0

[Event "Berlin Lichtenberger op 8th"]
[Site "Berlin"]
[Date "2009.08.20"]
[Round "6"]
[White "Magnussen, Helge"]
[Black "Behrmann, Joachim"]
[Result "1-0"]
[WhiteElo "2056"]
[BlackElo "2216"]
[PlyCount "31"]
[EventDate "2009.08.15"]
[EventType "swiss"]
[EventRounds "9"]
[EventCountry "GER"]
[SourceTitle "CBM 131 Extra"]
[Source "ChessBase"]
[SourceDate "2009.09.03"]
[SourceVersion "2"]
[SourceVersionDate "2009.09.16"]
[SourceQuality "1"]

1. d4 d5 2. c4 e6 3. Nc3 Nf6 4. Nf3 Nbd7 5. Bf4 dxc4 6. e3 Nb6 7. Bxc4 Nxc4 8. Qa4+ Bd7 9. Qxc4 Bc6 10. Ne5 Bxg2 11. Qb5+ Nd7 12. Rg1 c6 13. Qxb7 Nxe5 14. Bxe5 Bf3 15. Rg3 Bh5 16. Bc7 1-0